Tattoo my Body with... Sports Teams Quiz Stats

 Plays Quiz Updated Jan 21, 2015

Challenge
Share
Tweet
Score 0/20 Timer 05:00
5 Plays Today
% Correct
Los Angeles Lakers
98.6%
Seattle Seahawks
97.9%
New York Yankees
96.5%
Dallas Cowboys
95.3%
Green Bay Packers
95.1%
Detroit Lions
94.4%
Boston Celtics
94.2%
St. Louis Cardinals
94.2%
Boston Red Sox
93%
Miami Heat
91.8%
% Correct
Toronto Blue Jays
91.7%
Detroit Red Wings
89.9%
Oakland Raiders
89.5%
San Jose Sharks
87.6%
Chicago Cubs
85.6%
Chicago Blackhawks
82.8%
New York Islanders
82.4%
San Antonio Spurs
82.4%
Portland Trail Blazers
75.5%
Dallas Mavericks
68.2%

You're not logged in!

Compare scores with friends on all Sporcle quizzes.
OR
Log In

You Might Also Like...

Show Comments

Extras

Top Quizzes Today


Score Distribution

Your Account Isn't Verified!

In order to create a playlist on Sporcle, you need to verify the email address you used during registration. Go to your Sporcle Settings to finish the process.

Report this User

Report this user for behavior that violates our Community Guidelines.

Details: